| 000 | 00646cam a22002053a 4500 | ||
|---|---|---|---|
| 001 | 45856 | ||
| 003 | PGUSA | ||
| 005 | 20140828084051.0 | ||
| 008 | 140601s2014||||xxu|||||s|||||000 | eng d | ||
| 040 |
_aPGUSA _beng |
||
| 042 | _adc | ||
| 100 | 1 |
_aHarper, Charles G. _q(Charles George), _d1863-1943 |
|
| 245 | 1 | 4 |
_aThe Smugglers : _bPicturesque Chapters in the Story of an Ancient Craft _h[electronic resource] / _cCharles G. Harper |
| 260 |
_bProject Gutenberg, _c2014 |
||
| 506 | _aPublic domain in the USA. | ||
| 516 | _aElectronic text | ||
| 830 | 0 |
_aProject Gutenberg _v45856 |
|
| 856 | 4 | 0 | _uhttp://www.gutenberg.org/ebooks/45856 |
| 942 | _cEB | ||
| 999 |
_c275106 _d275106 |
||